02094nam a22002777a 4500008004100000020001800041040000800059041000800067050002800075100004000103245005400143260004000197300002500237520119600262650004101458650002901499650002501528650002901553650003401582655002701616655003001643655002701673942000801700952009301708999001501801260109b |||||||| |||| 00| 0 eng d a9780756419745 ctbs aeng aPS3623.I8486 bS66 2024 aWiswell, Johnd1981-926590eauthor aSomeone you can build a nest in b/ John Wiswell. aNew York, NY : bDAW Books, c2024. a310 pages ; c22 cm. aShesheshen has made a mistake fatal to all monsters: she’s fallen in love. Shesheshen is a shapeshifter, who happily resides as an amorphous lump at the bottom of a ruined manor. When her rest is interrupted by impolite monster hunters, she constructs a body from the remains of past meals: a metal chain for a backbone, borrowed bones for limbs, and a bear trap as an extra mouth. Badly hurt by the hunters, Shesheshen’s nursed back to health by Homily, a warm-hearted human. Homily is kind and would make a great co-parent: an ideal place to lay Shesheshen’s eggs so their young can devour Homily from the inside out. But as they grow close, Shesheshen realizes that eating her girlfriend isn’t an option. Just as Shesheshen’s about to confess her identity, Homily reveals something else: she’s hunting a shapeshifting monster that supposedly cursed her family. Has Shesheshen seen it anywhere? Shesheshen didn’t curse anyone, so now she has to figure out why Homily’s twisted family thinks she did. As Shesheshen’s hunt for the monster becomes increasingly deadly, the bigger challenge remains: learning how to build a life with, rather than in, the woman she loves. 0aBlessing and cursingvFiction926547 0aLesbiansvFiction924049 0aLovevFiction924358 0aMonstersvFiction926140 0aShapeshiftingvFiction926591 0aMonster fiction926141 0aParanormal fiction922925 0aFantasy fiction922510 2lcc 00102lcc4070aTBSbTBSd2026-01-09l0oP-EN WISpB05607r2026-01-09t1w2026-01-09y1 c5204d5204